At the other end of the rainbow : (Record no. 2547)

MARC details
000 -LEADER
fixed length control field 00456nam a2200181 4500
001 - CONTROL NUMBER
control field 3158
005 - DATE AND TIME OF LATEST TRANSACTION
control field 20181127170609.0
010 00 - LIBRARY OF CONGRESS CONTROL NUMBER
LC control number
020 00 - INTERNATIONAL STANDARD BOOK NUMBER
International Standard Book Number 9789993683209
090 00 - LOCALLY ASSIGNED LC-TYPE CALL NUMBER (OCLC); LOCAL CALL NUMBER (RLIN)
Classification number (OCLC) (R) ; Classification number, CALL (RLIN) (NR) 828.995498 P577a
100 00 - MAIN ENTRY--PERSONAL NAME
Personal name Phuntsho, Gelay.
245 00 - TITLE STATEMENT
Title At the other end of the rainbow :
Remainder of title Collection of short stories /
Statement of responsibility, etc. Gelay Phuntsho.
Medium
250 00 - EDITION STATEMENT
Edition statement
260 00 - PUBLICATION, DISTRIBUTION, ETC.
Place of publication, distribution, etc. Thimphu :
Name of publisher, distributor, etc. DSB Publishing,
Date of publication, distribution, etc. n.d.
300 00 - PHYSICAL DESCRIPTION
Extent 130 p.
500 00 - GENERAL NOTE
General note
650 00 - SUBJECT ADDED ENTRY--TOPICAL TERM
Topical term or geographic name entry element Bhutan --Fiction.
General subdivision
Holdings
Withdrawn status Lost status Source of classification or shelving scheme Damaged status Not for loan Collection code Home library Current library Shelving location Date acquired Serial Enumeration / chronology Inventory number Total Checkouts Full call number Barcode Date last seen Date last checked out Price effective from Koha item type
    Dewey Decimal Classification     Main TEST RTC Library RTC Library Main opac 15/11/2021 7822 2 895.1 PHU 30007030 24/11/2021 15/11/2021 27/11/2018 Main
Royal Thimphu College || All Right Reserved